States with the Most Perkins Locations Quiz - Statistics

General Stats
  • This quiz has been taken 26 times
    16 since last reset
  • The average score is 7 of 10
Answer Stats
# State % Correct
52 Minnesota
92%
8 Nebraska
92%
23 Iowa
83%
7 Missouri
83%
18 Wisconsin
75%
20 Ohio
67%
13 South Dakota
67%
37 Pennsylvania
58%
9 Tennessee
33%
28 Florida
8%
No matching quizzes found
Score Distribution
Percent of People with Each Score
Percentile by Number Answered
Your Score History
You have not taken this quiz since the last reset